000 00818nam a2200205 a 4500
003 0
005 20250513092949.0
008 021107s19uu xx 00 eng d
050 _aPGS HQ 784.C6
_b.C454 2002
100 _aChan, Kendrik L.
245 _aPerceptions and the use of modern communication accessories in having relationships of grade 6 students /
_cKendrik L. Chan.
260 _aLas PiƱas City, Philippines :
_bSouthville International School and Colleges,
_c2002.
300 _a23 pages :
_billustrations ;
_c28 cm.
504 _aIncludes bibliographical references.
650 _aInternet and children.
650 _aMobile communication systems
_vSocial aspects.
650 _aInterpersonal relations in children.
650 _aSocial media
_vPsychological aspects
_vChildren.
942 _2lcc
_cPASS
999 _c96585
_d96585